书目信息 |
| 题名: |
广告视觉语言
|
|
| 作者: | 吴玉红 著 | |
| 分册: | ||
| 出版信息: | 合肥 合肥工业大学出版社 2006.03 |
|
| 页数: | 151页 | |
| 开本: | 23cm | |
| 丛书名: | 当代广告学系列丛书 | |
| 单 册: | ||
| 中图分类: | J524.3 | |
| 科图分类: | ||
| 主题词: | 广告--guang gao--设计 | |
| 电子资源: | ||
| ISBN: | 978-7-81093-365-0 | |
| 000 | 00909nam 2200253 450 | |
| 001 | 012007189267 | |
| 005 | 20071203173350.23 | |
| 010 | @a978-7-81093-365-0@dCNY48.00 | |
| 100 | @a20071203d2006 km y0chi0120 ea | |
| 101 | 0 | @achi |
| 102 | @aCN@b340000 | |
| 105 | @aa z 000yy | |
| 106 | @ar | |
| 200 | 1 | @a广告视觉语言@Aguang gao shi jue yu yan@f吴玉红著@Fwu yu hong zhu |
| 210 | @a合肥@c合肥工业大学出版社@d2006.03 | |
| 215 | @a151页@c彩图@d23cm | |
| 225 | 2 | @a当代广告学系列丛书@Adang dai guang gao xue xi lie cong shu |
| 330 | @a本书对广告设计中的平面构成、色彩构成、立体构成、字体设计、装饰图案等内容,从艺术构思、规划、传达和具体应用角度进行阐述。广告视觉语言及广告设计视觉传达艺术。 | |
| 410 | 0 | @12001 @a当代广告学系列丛书 |
| 606 | 0 | @a广告@Aguang gao@x设计 |
| 690 | @aJ524.3@v4 | |
| 701 | 0 | @a吴玉红@Awu yu hong@4著 |
| 801 | 0 | @aCN@bQSSK@c20071203 |
| 905 | @b269642-44@dJ524.3@eW912@f3 | |
| 广告视觉语言/吴玉红著.-合肥:合肥工业大学出版社,2006.03 |
| 151页:彩图;23cm.-(当代广告学系列丛书) |
| ISBN 978-7-81093-365-0:CNY48.00 |
| 本书对广告设计中的平面构成、色彩构成、立体构成、字体设计、装饰图案等内容,从艺术构思、规划、传达和具体应用角度进行阐述。广告视觉语言及广告设计视觉传达艺术。 |
| ● |
| 相关链接 |
|
|
|
正题名:广告视觉语言
索取号:J524.3/W912
 
预约/预借
| 序号 | 登录号 | 条形码 | 馆藏地/架位号 | 状态 | 备注 |
| 1 | 269642 | 202696421 | 社科库309/309社科库 87排3列4层/ [索取号:J524.3/W912] | 在馆 | |
| 2 | 269643 | 202696430 | 自科二线404/404自科库 5排6列1层/ [索取号:J524.3/W912] | 在馆 | |
| 3 | 269644 | 202696449 | 社科库309/309社科库 87排3列4层/ [索取号:J524.3/W912] | 在馆 |